Spotrebiteľské správanie na trhu bezhotovostného platobného styku

Salvato in:
Dettagli Bibliografici
Autore principale: Lieskovská, Vanda, 1961-
Ente Autore: Ekonomická univerzita v Bratislave. Podnikovohospodárska fakulta so sídlom v Košiciach
Altri autori: Gazda, Vladimír, Rimarčík, Marián
Natura: Libro
Lingua:slovacco
Pubblicazione: Bratislava Vydavateľstvo EKONÓM 2005
Soggetti:
Tags: Aggiungi Tag
Nessun Tag, puoi essere il primo ad aggiungerne!!

MARC

LEADER 00000nam$a2200000$$$4500
001 0039768
005 20240502071504.6
020 |a 80-225-2124-8 
041 0 |a slo 
044 |a SK 
245 1 0 |a Spotrebiteľské správanie na trhu bezhotovostného platobného styku  |c Vanda Lieskovská a kolektív 
264 1 |a Bratislava  |b Vydavateľstvo EKONÓM  |c 2005 
300 |a 166 s. 
610 2 0 |a správanie spotrebiteľa 
610 2 0 |a styk platobný bezhotovostný 
610 2 0 |a trh 
610 2 0 |a spotrebitelia 
610 2 0 |a rozhodovanie 
610 2 0 |a systémy platobné 
610 2 0 |a karty platobné 
610 2 0 |a úver spotrebiteľský 
610 2 0 |a bankovníctvo elektronické 
610 2 0 |a výskum 
100 1 |a Lieskovská, Vanda, 1961- 
700 1 |a Gazda, Vladimír 
700 1 |a Rimarčík, Marián 
710 2 |a Ekonomická univerzita v Bratislave. Podnikovohospodárska fakulta so sídlom v Košiciach